000 00469nam a2200157 4500
999 _c4667
_d4667
008 200818b ||||| |||| 00| 0 eng d
041 _ahin
082 0 0 _a891.43
_bB5756
100 _93726
_aBhattacharya, Nimai
245 1 0 _aPikadali circus /
_cby Nimai Bhattacharya
245 1 0 _aपिकाडिली सर्कस /
_cनिमाई भट्टाचार्य
260 _a[s.l.]
_b[s.n.]
_c?
300 _a.
650 0 _aHindi fiction
942 _2ddc
_cBK